Zobrazenie životných situácií zamestnancov v mzdovom účtovníctve bakalárska práca

Gespeichert in:
Bibliographische Detailangaben
1. Verfasser: Sluka, Lukáš
Körperschaft: Fakulta hospodárskej informatiky EU. Katedra účtovníctva a audítorstva
Weitere Verfasser: Parajka, Branislav, 1981-
Format: Buch
Sprache:Slowakisch
Veröffentlicht: Bratislava 2023
Tags: Tag hinzufügen
Keine Tags, Fügen Sie das erste Tag hinzu!

MARC

LEADER 00000nbm a2200000 4500
001 0296003
005 20240209085018.7
041 0 |a slo 
044 |a SK 
245 1 0 |a Zobrazenie životných situácií zamestnancov v mzdovom účtovníctve  |b bakalárska práca  |c Lukáš Sluka ; školiteľ: Branislav Parajka 
264 1 |a Bratislava  |c 2023 
300 |a 43 s. 
100 1 |a Sluka, Lukáš 
700 1 |a Parajka, Branislav, 1981- 
710 2 |a Fakulta hospodárskej informatiky EU. Katedra účtovníctva a audítorstva